Nouveaux voyages en zigzag a la Grande Chartreuse, autour du Mont Blanc, dans les vallées d'Herenz, de Zermatt, au Grimsel, à Gênes et a la Corniche
保存先:
| 第一著者: | |
|---|---|
| フォーマット: | 図書 |
| 言語: | フランス語 |
| 出版事項: |
París
Victor Lecou
1854
|
| 版: | 1a. ed |
| 主題: | |
| タグ: |
タグ追加
タグなし, このレコードへの初めてのタグを付けませんか!
|
MARC
| LEADER | 00000nam a2200000 a 4500 | ||
|---|---|---|---|
| 001 | UCJ5855 | ||
| 003 | CL-VaPUC | ||
| 008 | 070124e18540000FR |||||||||||||||||fre|d | ||
| 082 | 0 | 4 | |a 910.4 |b TOP |2 21 |
| 100 | 0 | |a Topffer, R. |e author |9 511706 | |
| 245 | 1 | 0 | |a Nouveaux voyages en zigzag a la Grande Chartreuse, autour du Mont Blanc, dans les vallées d'Herenz, de Zermatt, au Grimsel, à Gênes et a la Corniche |
| 250 | |a 1a. ed | ||
| 300 | |a xv, 454 p | ||
| 942 | |c BK | ||
| 945 | |d 20070124 00:00:00 |a rinostro | ||
| 260 | |a París |b Victor Lecou |c 1854 | ||
| 500 | |a Ilustraciones según índice | ||
| 650 | 0 | |a Viajes |9 257115 | |
| 650 | 7 | |a DIARIO |2 CL-VaPUC |9 441581 | |
| 650 | 0 | |a Literatura infantil |9 307465 | |
| 650 | 0 | |a Ilustraciones |9 369481 | |
| 650 | 0 | |a Grabados |9 310822 | |
| 651 | 0 | |a Francia |9 255157 | |
| 651 | 0 | |a Suiza |9 256768 | |
| 583 | |a last modification |c 20070124 00:00:00 |k Rodrigo Vera | ||
| 999 | |c 321963 |d 321961 | ||
| 952 | |0 0 |1 0 |4 0 |6 910_400000000000000_TOP_1854 |7 0 |8 X |9 400861 |a FDOBUD |b FDOBUD |d 2019-11-22 |i 1040669 |o 910.4 TOP 1854 |p 1040669 |r 2019-11-22 |w 2019-11-22 |y BK_X |k BUD | ||